000 00624nam a2200241 i 4500
001 C2-0292646
003 PPAK
005 20180728024638.0
008 090107s2001 nyu |||| ||||| | eng d
020 _a1931082014
040 _aPPAK
_beng
_cPPAK
_erda
082 0 4 _a823
_223
090 0 0 _a823
_bPOW
_dLCK
100 1 _aPowell, Dawn,
_eauthor
245 1 0 _aNovels 1930-1942
264 1 _aNew York :
_bThe Library of America ,
_c2001
300 _a1068 pages ;
_c21 cm
336 _2rdacontent
_atext
337 _2rdamedia
_aunmediated
338 _2rdacarrier
_avolume
650 1 0 _aEnglish fiction
942 _ddc
_cB
999 _c97493
_d97493